Vista normal
Vista MARC
Entrada Personal Name
Número de registros utilizados en: 2
001 - CONTROL NUMBER
- control field: 770
003 - CONTROL NUMBER IDENTIFIER
- control field: DLC
005 - DATE AND TIME OF LATEST TRANSACTION
- control field: 20250207141859.0
008 - FIXED-LENGTH DATA ELEMENTS
- fixed length control field: 950609n| azannaab |n aaa
010 ## - LIBRARY OF CONGRESS CONTROL NUMBER
- LC control number: n 95057023
040 ## - CATALOGING SOURCE
- Original cataloging agency: DLC
- Transcribing agency: Mx-PuUPA
- Modifying agency: DLC
- Modifying agency: Mx-PuUPA
- Description conventions: rda
- Language of cataloging: spa
100 1# - HEADING--PERSONAL NAME
- Personal name: Giberson, Karl,
374 ## - OCCUPATION
- Occupation: Autor
377 ## - ASSOCIATED LANGUAGE
- Language code: eng
670 ## - SOURCE DATA FOUND
- Source citation: Worlds apart, c1993:
- Information found: t.p. (Karl Giberson)
670 ## - SOURCE DATA FOUND
- Source citation: Species of origins, 2002:
- Information found: ECIP t.p. (Karl W. Giberson) data view (b. May 13, 1957)
670 ## - SOURCE DATA FOUND
- Source citation: Saving the original sinner, 2015:
- Information found: ECIP t.p. (Karl Giberson) data view (teaches sci. and religion at Stonehill College)